Propuesta para el manejo de inundaciones en la cuenca del río Limoncito, Limón
Gespeichert in:
| 1. Verfasser: | |
|---|---|
| Format: | Buch |
| Veröffentlicht: |
[San José], Costa Rica
2008
|
| Schlagworte: | |
| Tags: |
Tag hinzufügen
Keine Tags, Fügen Sie den ersten Tag hinzu!
|
MARC
| LEADER | 00000nam a2200000Ia 4500 | ||
|---|---|---|---|
| 003 | 001092 | ||
| 005 | 20221231144101.0 | ||
| 008 | 140114s2008 cr a 000 ||s d | ||
| 040 | |c cru CEDI | ||
| 090 | |a TFG 5617 | ||
| 100 | |a Jiménez Ugalde, Danilo Andrés |9 4425 | ||
| 245 | |a Propuesta para el manejo de inundaciones en la cuenca del río Limoncito, Limón | ||
| 260 | |c 2008 |b [San José], Costa Rica | ||
| 300 | |a xiv, 139 páginas, [2] páginas plegables; ilustraciones a color, mapas, planos | ||
| 500 | |a Proyecto de graduación (licenciatura en ingeniería civil)--Universidad de Costa Rica. Facultad de Ingeniería. Escuela de Ingeniería Civil | ||
| 650 | |x CONTROL DE INUNDACIONES |x CUENCA DEL RIO LIMONCITO (COSTA RICA) |x INUNDACIONES |9 4426 | ||
| 942 | |c TFG | ||
| 999 | |c 16644 |d 16644 | ||
